|
|
|
|
| LEADER |
00000cas a2200000 a 4500 |
| 001 |
vtls010300246 |
| 003 |
SK-MaSNL |
| 005 |
20260228163011.0 |
| 008 |
110810d19421942xo uu|p r 0 b0slo |
| 015 |
|
|
|a SNBDS17XX9999
|
| 040 |
|
|
|a SNK
|b slo
|c SNK
|e AACR2
|
| 041 |
0 |
|
|a slo
|
| 044 |
|
|
|a xo
|c SK
|
| 072 |
|
7 |
|a 32
|x Politika
|2 konspekt
|
| 080 |
|
|
|a 32
|2 2011
|
| 080 |
|
|
|a 329(051)
|2 2011
|
| 080 |
|
|
|a 050
|2 2011
|
| 245 |
0 |
0 |
|a Mor ho!
|
| 260 |
|
|
|a Bratislava-Trnávka
|b Miloš Uhlárik
|c 1942-1942
|
| 300 |
|
|
|a 1 zv.
|c 30 x 21 cm
|
| 310 |
|
|
|a Periodicita nie je známa
|
| 362 |
1 |
|
|a Roč. 1, č. 1 (1942)-roč. 1, č. 2 (1942)
|
| 650 |
0 |
7 |
|a politika
|2 SNKPH
|9 968
|
| 655 |
|
7 |
|a časopisy politických strán a hnutí
|2 SNKPH
|9 237919
|
| 700 |
1 |
|
|a Uhlárik, Miloš
|4 pbd
|9 272734
|
| 700 |
1 |
|
|a Branko, Pavel,
|d 1921-2020
|4 red
|9 85497
|
| 700 |
1 |
|
|a Blahovec, Vladimír
|4 red
|9 272735
|
| 700 |
1 |
|
|a Scharfstein, Pavol
|4 red
|9 272736
|
| 710 |
0 |
|
|a Uhlárik, Miloš
|e vydav.
|e tlač.
|9 272737
|
| 910 |
|
|
|a snk
|
| 999 |
|
|
|c 8701
|d 10631
|
| 952 |
|
|
|0 0
|1 0
|4 0
|7 0
|8 5
|a SNK
|b SNK
|d 2004-03-01
|i snkČSF 690/58
|l 0
|o snkČSB 1267/1/1942
|p 17A0416507
|r 2005-01-02 00:00:00
|t č. 1-2
|w 2026-02-21
|y PREZ
|
| 952 |
|
|
|0 0
|1 0
|4 0
|7 0
|8 5
|a SNK
|b SNK
|d 2015-09-24
|i snkČSF 691/58
|l 0
|o snkČSB 1267/1/1942 D1
|p 17A1020424
|r 2026-02-21 20:44:00
|t č. 1-2, neúplné
|w 2026-02-21
|y PREZ
|z Chýba č. 2
|